000 00354pam a2200157a 44500
008 230515b0 xxu||||| |||| 00| 0 eng d
020 _a1
041 _aENGLISH
082 _a663.2
100 _a"CORNELIUS S OUGH, DSC, MS"
245 _aWINEMAKING BASICS
250 _aNULL
260 _a
_bN.D.
_c0
300 _aXII+326
650 _aWINEMAKING BASICS
999 _c567508
_d567508